Habsburg's last war : the filmic memory (1918 to the present) : cinematic and TV productions in the neighbouring countries and successor states of the Danube monarchy : Austria, Czechia-Slovakia, Germany, Hungary, Italy, Poland, Romania, Russia, Serbia, Slovenia /

Bibliographic Details
Corporate Author: JSTOR (Organization)
Other Authors: Leidinger, Hannes, 1969- (Editor)
Format: eBook
Language:English
Published: [New Orleans, Louisiana] : University of New Orleans Press, [2018]
Series:Studies in Central European history, culture and literature.
Subjects:
Online Access:Connect to the full text of this electronic book

MARC

Tag First Indicator Second Indicator Subfields
LEADER 00000cam a2200000Mi 4500
001 in00004635339
006 m o d
007 cr cnu---unuuu
008 180428s2018 lau o 000 0 eng d
005 20230103223436.9
010 |a  2019417829 
035 |a (OCoLC)on1032582210 
040 |a YDX  |b eng  |e rda  |e pn  |c YDX  |d JSTOR  |d OCLCQ  |d YDX  |d OCLCF  |d UBY  |d EZ9  |d ICN  |d LOA  |d U3W  |d ERL  |d OCLCA  |d VT2  |d OCL  |d SFB  |d VXI  |d OCLCO 
019 |a 1032674383  |a 1129330995  |a 1135302934 
020 |a 9781608011605  |q electronic book 
020 |a 1608011607  |q electronic book 
020 |a 9781608011575 
020 |a 1608011577 
035 |a (OCoLC)1032582210  |z (OCoLC)1032674383  |z (OCoLC)1129330995  |z (OCoLC)1135302934 
037 |a 22573/ctt22xwg0z  |b JSTOR 
043 |a e------ 
050 4 |a PN1993.5.E85  |b H37 2018 
082 0 4 |a 791.43094  |2 23 
049 |a TXAM 
245 0 0 |a Habsburg's last war :  |b the filmic memory (1918 to the present) : cinematic and TV productions in the neighbouring countries and successor states of the Danube monarchy : Austria, Czechia-Slovakia, Germany, Hungary, Italy, Poland, Romania, Russia, Serbia, Slovenia /  |c Hannes Leidinger, editor. 
264 1 |a [New Orleans, Louisiana] :  |b University of New Orleans Press,  |c [2018] 
300 |a 1 online resource. 
336 |a text  |b txt  |2 rdacontent 
337 |a computer  |b c  |2 rdamedia 
338 |a online resource  |b cr  |2 rdacarrier 
490 1 |a Studies in Central European history culture & literature 
588 |a Description based on online resource; title from digital title page (viewed on June 19, 2018). 
504 |a Includes bibliographical references (pages 343-354) and index. 
505 0 |a Preface / Günter Bischof -- Introduction / Hannes Leidinger - Essays - Habsburg's last war in Austrian films, 1918 to the present / Hannes Leidinger - Remembering World War I in 2014 : films and tv productions in Austria and a new path of visual memory / Karin Moser - The First World War in the Czech and Slovak cinema / Václav Šmidrkal - The contact zone : in search of the Galician theater of war in German cinemas of the 1920s / Philipp Stiasny - World War I in Hungarian motion picture history, 1914-1945 / Márton Kurutz - Films about World War I in Hungary after 1945 / László Deák-Sárosi - Without a name and a face : the Austrian enemy in interwar Italian cinema / Francesco Bono - Images - Essays - The decaying empire and the human dilemmas : the last war of Austria-Hungary in Polish cinematography from 1918 onwards / Piotr Szlanta - "The Empire means order" : images of the Austro-Hungarian monarchy in Romanian fictional films about the First World War / Enikö Dácz - Traces of Austria-Hungary and the First World War in Tsarist/Soviet/Russian cinematography / Verena Moritz - The fall of the Austro-Hungarian monarchy in Serbian films / Aleksandar Erdeljanovíc - The rediscovery of a forgotten war : the First World War in Slovene film and documentary production / Karin Almasy - Postscript : a cinema of liminality / Thomas Ballhausen. 
650 0 |a Motion pictures  |z Europe  |x History. 
650 0 |a Television broadcasting  |z Europe  |x History. 
650 0 |a World War, 1914-1918  |x Motion pictures and the war. 
650 6 |a Cinéma  |z Europe  |x Histoire. 
650 6 |a Télévision  |z Europe  |x Histoire. 
650 7 |a Motion pictures.  |2 fast  |0 (OCoLC)fst01027285 
650 7 |a Television broadcasting.  |2 fast  |0 (OCoLC)fst01146714 
650 7 |a War and motion pictures.  |2 fast  |0 (OCoLC)fst01919878 
651 7 |a Europe.  |2 fast  |0 (OCoLC)fst01245064 
647 7 |a World War  |d (1914-1918)  |2 fast  |0 (OCoLC)fst01180746 
648 7 |a 1914-1918  |2 fast 
655 7 |a Electronic books.  |2 local 
655 7 |a History.  |2 fast  |0 (OCoLC)fst01411628 
700 1 |a Leidinger, Hannes,  |d 1969-  |e editor. 
710 2 |a JSTOR (Organization) 
776 0 8 |i Print version:  |t Habsburg's last war.  |d New Orleans : University of New Orleans Press, [2018]  |w (DLC) 2019417829 
830 0 |a Studies in Central European history, culture and literature. 
856 4 0 |u https://www.jstor.org/stable/10.2307/j.ctt22zmb1c  |z Connect to the full text of this electronic book  |t 0 
955 |a JSTOR Open Access ebooks 
994 |a 92  |b TXA 
999 f f |s c6ff53e0-77e2-4ff6-80e8-d828dd8ffc8a  |i 26d38bee-88cd-475b-ae10-9411a695670e  |t 0 
952 f f |a Texas A&M University  |b College Station  |c Electronic Resources  |d Available Online  |t 0  |e PN1993.5.E85 H37 2018  |h Library of Congress classification 
998 f f |a PN1993.5.E85 H37 2018  |t 0  |l Available Online